[Event "Ruhrgebiet Verbandsbezirksliga Gr 1"]
[Site "Ruhrgebiet"]
[Date "2018.12.16"]
[Round "4.8"]
[White "Nadrowski, Joseph"]
[Black "Fitzek, Timm"]
[Result "1-0"]
[WhiteElo "1532"]
[BlackElo "1480"]
[PlyCount "81"]
[EventDate "2018.09.30"]
[EventType "team-tourn"]
[EventRounds "9"]
[EventCountry "GER"]
[SourceTitle "EXT 2022"]
[Source "ChessBase"]
[SourceDate "2021.10.06"]
[SourceVersion "1"]
[SourceVersionDate "2021.10.06"]
[SourceQuality "1"]
[WhiteTeam "Werne SK"]
[BlackTeam "Hamm SV II"]
[WhiteTeamCountry "GER"]
[BlackTeamCountry "GER"]

1. Nc3 e5 2. Nf3 Nc6 3. d4 exd4 4. Nxd4 Qf6 5. Be3 Bb4 6. Qd2 Nge7 7. a3 Bxc3 8. Qxc3 Nd5 9. Qd2 0-0 10. 0-0-0 Nxe3 11. Qxe3 Nxd4 12. Rxd4 d6 13. g4 Bd7 14. f3 Bc6 15. h4 Rae8 16. Qd2 Re7 17. g5 Qe5 18. e4 Rd8 19. f4 Qc5 20. Rc4 Qb6 21. Bg2 Bb5 22. Rc3 d5 23. Rb3 Qc5 24. Rd1 d4 25. Kb1 Red7 26. Bh3 Rd6 27. e5 Rd5 28. Bg2 R5d7 29. Bh3 Rd5 30. e6 Kf8 31. exf7 Kxf7 32. Re1 R5d6 33. Re5 Qc6 34. Bg2 Rd5 35. Qb4 d3 36. Qe7+ Kg8 37. Rxd5 Rxd5 38. Bxd5+ Qxd5 39. Rxd3 Qh1+ 40. Ka2 Bc4+ 41. b3 1-0

[Event "Ruhrgebiet Bezirksliga 17/18"]
[Site "Ruhrgebiet"]
[Date "2017.09.17"]
[Round "2.8"]
[White "Nadrowski, Joseph"]
[Black "Zebrowski, Marcel"]
[Result "1-0"]
[WhiteElo "1549"]
[BlackElo "1483"]
[PlyCount "91"]
[EventDate "2017.09.03"]
[EventType "team-tourn"]
[EventRounds "9"]
[EventCountry "GER"]
[SourceTitle "EXT 2022"]
[Source "ChessBase"]
[SourceDate "2021.10.06"]
[SourceVersion "1"]
[SourceVersionDate "2021.10.06"]
[SourceQuality "1"]
[WhiteTeam "Werne SK"]
[BlackTeam "Kamen SV IV"]
[WhiteTeamCountry "GER"]
[BlackTeamCountry "GER"]

1. Nc3 e5 2. Nf3 Nc6 3. d4 exd4 4. Nxd4 Bb4 5. Qd3 d5 6. Bd2 Nf6 7. h3 Bd7 8. 0-0-0 a6 9. Bg5 Bxc3 10. Qxc3 Ne4 11. Bxd8 Nxc3 12. bxc3 Rxd8 13. e3 0-0 14. Nb3 Be6 15. Be2 Ne5 16. Rd4 c6 17. Rhd1 b5 18. e4 Rd6 19. f4 Nc4 20. f5 Bc8 21. Bxc4 bxc4 22. Na5 f6 23. Nxc4 Rd7 24. g4 Bb7 25. Nb6 Rd6 26. exd5 c5 27. Nc4 cxd4 28. Nxd6 Bxd5 29. Rxd4 Bg2 30. Rd3 Rd8 31. h4 Kf8 32. c4 Ke7 33. c5 Rb8 34. Re3+ Kd7 35. Rb3 Rxb3 36. cxb3 Bh3 37. g5 fxg5 38. hxg5 h5 39. Kd2 h4 40. Ke3 Bg2 41. Kf2 h3 42. b4 Bd5 43. Kg3 Bg2 44. a3 Ke7 45. Nc4 Bf1 46. Ne3 1-0

[Event "Ruhrgebiet Bezirksliga 16/17"]
[Site "Ruhrgebiet"]
[Date "2017.01.08"]
[Round "6.8"]
[White "Decker, Alexander"]
[Black "Nadrowski, Joseph"]
[Result "1-0"]
[WhiteElo "1922"]
[BlackElo "1560"]
[PlyCount "49"]
[EventDate "2016.08.28"]
[EventType "team-tourn"]
[EventRounds "11"]
[EventCountry "GER"]
[SourceTitle "EXT 2022"]
[Source "ChessBase"]
[SourceDate "2021.10.06"]
[SourceVersion "1"]
[SourceVersionDate "2021.10.06"]
[SourceQuality "1"]
[WhiteTeam "Ahlen SV II"]
[BlackTeam "Werne SK"]
[WhiteTeamCountry "GER"]
[BlackTeamCountry "GER"]

1. d4 d5 2. Nf3 Nf6 3. Bg5 e6 4. e3 Be7 5. Bd3 h6 6. Bh4 Nbd7 7. Nbd2 b6 8. c3 Bb7 9. Qe2 0-0 10. Ne5 Ne4 11. Bg3 Nxd2 12. Qxd2 Nf6 13. f3 c5 14. 0-0 cxd4 15. exd4 Rc8 16. Bf4 Nh7 17. Bxh6 Bg5 18. Bxh7+ Kxh7 19. Bxg5 Qe8 20. Qd3+ f5 21. f4 Rh8 22. Rf3 Kg8 23. Rh3 Rc7 24. Rxh8+ Kxh8 25. Rd1 1-0

[Event "Ruhrgebiet Bezirksliga 16/17"]
[Site "Ruhrgebiet"]
[Date "2016.10.09"]
[Round "3.8"]
[White "Nadrowski, Joseph"]
[Black "Kreutzberg, Steffen"]
[Result "0-1"]
[WhiteElo "1560"]
[BlackElo "1579"]
[PlyCount "138"]
[EventDate "2016.08.28"]
[EventType "team-tourn"]
[EventRounds "11"]
[EventCountry "GER"]
[SourceTitle "EXT 2022"]
[Source "ChessBase"]
[SourceDate "2021.10.06"]
[SourceVersion "1"]
[SourceVersionDate "2021.10.06"]
[SourceQuality "1"]
[WhiteTeam "Werne SK"]
[BlackTeam "Kamen SV III"]
[WhiteTeamCountry "GER"]
[BlackTeamCountry "GER"]

1. Nf3 Nc6 2. g3 Nf6 3. Bg2 e6 4. c4 d5 5. cxd5 exd5 6. 0-0 Be7 7. d3 0-0 8. Bf4 Nh5 9. Bd2 Nf6 10. a3 a6 11. b4 Re8 12. Bc3 h6 13. Nbd2 Bf5 14. Nb3 Rc8 15. Rc1 Bh7 16. Ne5 Nxe5 17. Bxe5 Bf5 18. h3 c6 19. g4 Bg6 20. Bg3 Nh7 21. Nd4 Qd7 22. f4 f5 23. Bf3 Bf6 24. Bf2 Bxd4 25. Bxd4 fxg4 26. Bxg4 Bf5 27. e3 Nf6 28. Bxf6 gxf6 29. Bxf5 Qxf5 30. Qf3 Qxd3 31. Rce1 Kh8 32. Re2 Rg8+ 33. Kh2 Qe4 34. Qxe4 dxe4 35. Rd1 Rgd8 36. Red2 Rxd2+ 37. Rxd2 c5 38. Rc2 c4 39. Kg3 f5 40. Kf2 b5 41. Ke2 Rg8 42. Kf2 Rd8 43. Ke2 Rd3 44. Ra2 Rb3 45. Kd2 Kg7 46. h4 Kg6 47. Ra1 Kh5 48. a4 Rxb4 49. axb5 axb5 50. Ra6 Kxh4 51. Rxh6+ Kg4 52. Rh1 Rb2+ 53. Kc3 Re2 54. Kd4 Rd2+ 55. Kc3 Rd3+ 56. Kb4 Rxe3 57. Kxb5 c3 58. Kc4 Kxf4 59. Rf1+ Rf3 60. Rc1 Kg3 61. Rc2 Rd3 62. Re2 Kf3 63. Rc2 f4 64. Rh2 Ke3 65. Rh3+ f3 66. Rg3 Ke2 67. Rg4 e3 68. Rh4 f2 69. Rh2 c2 0-1

[Event "Dortmund Sparkassen op-B 44th"]
[Site "Dortmund"]
[Date "2016.07.16"]
[Round "8"]
[White "Nadrowski, Joseph"]
[Black "Hartjes, Jenny"]
[Result "1-0"]
[WhiteElo "1571"]
[BlackElo "1406"]
[PlyCount "71"]
[EventDate "2016.07.09"]
[EventType "swiss"]
[EventRounds "9"]
[EventCountry "GER"]
[SourceTitle "CBM 173 Extra"]
[Source "ChessBase"]
[SourceDate "2016.08.29"]
[SourceVersion "1"]
[SourceVersionDate "2016.08.29"]
[SourceQuality "1"]

1. Nc3 d5 2. e4 d4 3. Nce2 c5 4. Ng3 Nc6 5. Bc4 e6 6. Nf3 Nf6 7. 0-0 Bd6 8. d3 h6 9. Bb5 Bxg3 10. hxg3 Bd7 11. a3 0-0 12. Bxc6 Bxc6 13. Nh2 Re8 14. g4 Nd7 15. f4 f6 16. Nf3 Rc8 17. Qe1 Qb6 18. g5 hxg5 19. fxg5 Kf7 20. gxf6 gxf6 21. Qf2 Ke7 22. b4 e5 23. Nh4 Rf8 24. Nf5+ Ke6 25. Bh6 Rf7 26. Qg3 Qd8 27. Qh3 Qg8 28. Nxd4+ Kd6 29. Nf5+ Kc7 30. bxc5 Nxc5 31. Qe3 b6 32. Ne7 Qh8 33. Nxc8 Kxc8 34. Rf3 Bd7 35. Raf1 Rh7 36. Rxf6 1-0

[Event "Dortmund Sparkassen op-B 44th"]
[Site "Dortmund"]
[Date "2016.07.15"]
[Round "7"]
[White "Yangibayev, Rustam"]
[Black "Nadrowski, Joseph"]
[Result "0-1"]
[WhiteElo "1451"]
[BlackElo "1571"]
[PlyCount "74"]
[EventDate "2016.07.09"]
[EventType "swiss"]
[EventRounds "9"]
[EventCountry "GER"]
[SourceTitle "CBM 173 Extra"]
[Source "ChessBase"]
[SourceDate "2016.08.29"]
[SourceVersion "1"]
[SourceVersionDate "2016.08.29"]
[SourceQuality "1"]

1. d4 Nf6 2. c4 e5 3. dxe5 Ng4 4. Nf3 Bc5 5. e3 Nc6 6. Be2 Ngxe5 7. Nc3 0-0 8. 0-0 d6 9. h3 a6 10. b3 Qf6 11. Nd5 Nxf3+ 12. Bxf3 Qxa1 13. Qd2 Qe5 14. Bb2 Qg5 15. Kh2 Qd8 16. Rd1 Be6 17. Nf4 Qe7 18. Nh5 f6 19. Ng3 Rab8 20. Be4 f5 21. Bb1 Rbd8 22. Nh5 Rf7 23. Qc3 Bb4 24. Qc2 d5 25. Nf4 dxc4 26. Rxd8+ Nxd8 27. Nxe6 Nxe6 28. Qxc4 Bd6+ 29. g3 Kf8 30. a4 Ng5 31. Qd5 c6 32. Qd1 Ne4 33. Qc2 Qc7 34. f4 Qa5 35. Qg2 Qb4 36. Bc2 Rd7 37. g4 Bxf4+ 0-1

[Event "Dortmund Sparkassen op-B 44th"]
[Site "Dortmund"]
[Date "2016.07.14"]
[Round "6"]
[White "Nadrowski, Joseph"]
[Black "Homfeldt, Christopher"]
[Result "1/2-1/2"]
[WhiteElo "1571"]
[BlackElo "1586"]
[PlyCount "84"]
[EventDate "2016.07.09"]
[EventType "swiss"]
[EventRounds "9"]
[EventCountry "GER"]
[SourceTitle "CBM 173 Extra"]
[Source "ChessBase"]
[SourceDate "2016.08.29"]
[SourceVersion "1"]
[SourceVersionDate "2016.08.29"]
[SourceQuality "1"]

1. Nf3 Nf6 2. g3 g6 3. c4 d6 4. Bg2 Bg7 5. 0-0 0-0 6. Nc3 Nbd7 7. d3 c6 8. Qc2 e5 9. Rb1 Ne8 10. b4 Rb8 11. a3 f5 12. e3 Nef6 13. Bb2 Re8 14. Rfe1 d5 15. cxd5 cxd5 16. Nb5 a6 17. Nc3 b6 18. Qb3 Bb7 19. e4 Kh8 20. exf5 d4 21. Ng5 Re7 22. Nd5 Qg8 23. Ne6 Bxd5 24. Bxd5 Nxd5 25. Qxd5 gxf5 26. Nc7 Qxd5 27. Nxd5 Rf7 28. Rec1 Nf6 29. Nxf6 Rxf6 30. f3 Rff8 31. Rc6 Kg8 32. Rbc1 Rfe8 33. R1c2 e4 34. fxe4 fxe4 35. dxe4 Rxe4 36. Rd6 Rbe8 37. Rd2 Re1+ 38. Kf2 d3 39. R6xd3 Bh6 40. Rc2 R1e6 41. Rf3 Be3+ 42. Kg2 h6 1/2-1/2

[Event "Dortmund Sparkassen op-B 44th"]
[Site "Dortmund"]
[Date "2016.07.13"]
[Round "5"]
[White "Regber, Karl Heinz"]
[Black "Nadrowski, Joseph"]
[Result "1/2-1/2"]
[WhiteElo "1632"]
[BlackElo "1571"]
[PlyCount "158"]
[EventDate "2016.07.09"]
[EventType "swiss"]
[EventRounds "9"]
[EventCountry "GER"]
[SourceTitle "CBM 173 Extra"]
[Source "ChessBase"]
[SourceDate "2016.08.29"]
[SourceVersion "1"]
[SourceVersionDate "2016.08.29"]
[SourceQuality "1"]

1. d4 d5 2. Nf3 e6 3. g3 Nf6 4. Bg2 Be7 5. 0-0 0-0 6. c3 c5 7. Ne5 Nc6 8. Nxc6 bxc6 9. Bg5 cxd4 10. cxd4 h6 11. Bxf6 Bxf6 12. e3 c5 13. Nc3 cxd4 14. exd4 Qb6 15. Ne2 Qxb2 16. Qd3 Qb6 17. Rfb1 Qd6 18. Rb3 Ba6 19. Qd2 Bxe2 20. Qxe2 Bxd4 21. Rd1 Bb6 22. Kh1 Rac8 23. f4 g6 24. Rbb1 Rfd8 25. Qd2 Qf8 26. g4 Qg7 27. Rb3 Rc7 28. f5 Rdc8 29. fxe6 fxe6 30. Qe1 Re7 31. Qe2 Rf8 32. Qe1 Rf4 33. Qe2 Rf2 34. Qa6 Qf8 35. Qd3 Kg7 36. a4 Qf4 37. Qc3+ d4 38. Qe1 Bc7 39. Rg3 e5 40. Rdd3 Qf7 41. Rgf3 Rxf3 42. Rxf3 Qe6 43. Qd1 Rf7 44. h3 Rxf3 45. Qxf3 Qd6 46. Qe4 d3 47. Bf3 d2 48. Bd1 Qf6 49. Kg2 Qf4 50. Qxf4 exf4 51. Kf3 g5 52. Ke4 Kf6 53. Kd5 Bb6 54. Bf3 Be3 55. a5 Ke7 56. Ke5 Kd7 57. Kd5 Kc7 58. Kc4 Kd6 59. a6 Ke5 60. Kd3 Kd6 61. Kc4 Bf2 62. Kd3 Be1 63. Kc4 Kc7 64. Kb5 Kd6 65. Kc4 Bf2 66. Kd3 Ke5 67. Kxd2 Kd6 68. Ke2 Bg3 69. Bb7 Ke5 70. Kd3 f3 71. Bxf3 Kf4 72. Bd5 Bf2 73. Bf7 Kg3 74. Bh5 Kxh3 75. Ke4 Kg3 76. Kf5 Kf3 77. Kg6 Kf4 78. Kxh6 Be3 79. Kg6 Ke5 1/2-1/2

[Event "Ruhrgebiet Bezirksliga 15/16"]
[Site "Ruhrgebiet"]
[Date "2015.10.25"]
[Round "3.7"]
[White "Sewarte, Jochen"]
[Black "Nadrowski, Joseph"]
[Result "1-0"]
[WhiteElo "1683"]
[BlackElo "1580"]
[PlyCount "67"]
[EventDate "2015.08.30"]
[EventType "team-tourn"]
[EventRounds "9"]
[EventCountry "GER"]
[SourceTitle "EXT 2022"]
[Source "ChessBase"]
[SourceDate "2021.10.06"]
[SourceVersion "1"]
[SourceVersionDate "2021.10.06"]
[SourceQuality "1"]
[WhiteTeam "Hamm SVg II"]
[BlackTeam "Werne SK"]
[WhiteTeamCountry "GER"]
[BlackTeamCountry "GER"]

1. e4 c6 2. e5 d5 3. exd6 Qxd6 4. Nf3 Nf6 5. b3 g6 6. Be2 Bg4 7. Ba3 Qc7 8. d4 Bg7 9. Ne5 Bxe2 10. Qxe2 0-0 11. 0-0 Nd5 12. Bb2 e6 13. Nd2 Nd7 14. Ndf3 Rad8 15. Rad1 N7f6 16. Ng5 Bh6 17. h4 Bxg5 18. hxg5 Nd7 19. Ng4 Qf4 20. Bc1 Nc3 21. Nh6+ Kg7 22. Qd3 Qd6 23. Qxc3 Qd5 24. Qe3 Rfe8 25. Bb2 b5 26. Ng4 a5 27. Ne5 Rh8 28. c4 Qd6 29. Nxd7 Rxd7 30. d5+ Kg8 31. Qc3 e5 32. Qxe5 Qxe5 33. Bxe5 cxd5 34. Rxd5 1-0

[Event "Dortmund Sparkassen op-B"]
[Site "Dortmund"]
[Date "2014.07.19"]
[Round "8"]
[White "Nadrowski, Joseph"]
[Black "Ewers, Christian"]
[Result "1/2-1/2"]
[WhiteElo "1611"]
[BlackElo "1724"]
[PlyCount "72"]
[EventDate "2014.07.12"]
[EventType "swiss"]
[EventRounds "9"]
[EventCountry "GER"]
[SourceTitle "EXT 2022"]
[Source "ChessBase"]
[SourceDate "2021.10.06"]
[SourceVersion "1"]
[SourceVersionDate "2021.10.06"]
[SourceQuality "1"]

1. Nc3 c5 2. d4 cxd4 3. Qxd4 Nc6 4. Qa4 g6 5. Nf3 Bg7 6. Bd2 Nf6 7. e4 0-0 8. Bd3 d5 9. exd5 Nxd5 10. 0-0 Nb6 11. Qh4 e5 12. Bg5 f6 13. Bh6 Qe7 14. Bxg7 Qxg7 15. a3 Be6 16. Rad1 h6 17. g4 Nd5 18. Qg3 Nxc3 19. bxc3 Ne7 20. c4 Rac8 21. Nd2 f5 22. gxf5 gxf5 23. Qxg7+ Kxg7 24. f3 Ng6 25. Rfe1 Kf6 26. Kf2 Nf4 27. Rb1 b6 28. Rb5 Ng6 29. h3 Bd7 30. Rb4 Rfe8 31. Nf1 Nf4 32. h4 Rg8 33. Ne3 Be6 34. a4 Nh3+ 35. Ke2 Ng1+ 36. Kf2 Nh3+ 1/2-1/2

[Event "Dortmund Sparkassen op-B"]
[Site "Dortmund"]
[Date "2014.07.13"]
[Round "2"]
[White "Herrmann, Christoph"]
[Black "Nadrowski, Joseph"]
[Result "1-0"]
[WhiteElo "1935"]
[BlackElo "1611"]
[PlyCount "117"]
[EventDate "2014.07.12"]
[EventType "swiss"]
[EventRounds "9"]
[EventCountry "GER"]
[SourceTitle "EXT 2022"]
[Source "ChessBase"]
[SourceDate "2021.10.06"]
[SourceVersion "1"]
[SourceVersionDate "2021.10.06"]
[SourceQuality "1"]

1. Nf3 Nf6 2. c4 c5 3. Nc3 Nc6 4. d4 cxd4 5. Nxd4 Nxd4 6. Qxd4 g6 7. e4 d6 8. Bg5 Bg7 9. Be2 0-0 10. Rd1 Qa5 11. Qd2 Bd7 12. 0-0 Bc6 13. f3 Rfe8 14. Kh1 Rac8 15. Bxf6 Bxf6 16. Nd5 Qxd2 17. Nxf6+ exf6 18. Rxd2 f5 19. exf5 g5 20. Kg1 Re5 21. f4 gxf4 22. Rxf4 Rce8 23. Bf3 Bxf3 24. Rxf3 f6 25. b3 b6 26. Kf2 Kf7 27. g4 Re1 28. Rfd3 R1e4 29. h3 h5 30. Kf3 hxg4+ 31. hxg4 Re1 32. Rxd6 R1e3+ 33. Kf2 Rh3 34. Rd7+ Re7 35. Rxe7+ Kxe7 36. Kg2 Re3 37. Kf2 Rh3 38. Re2+ Kf7 39. Kg1 Rd3 40. Kf2 Rh3 41. Ke1 Rg3 42. Rh2 Kg7 43. Rd2 Rxg4 44. Rd7+ Kh6 45. Rxa7 Kg5 46. Rg7+ Kxf5 47. Rxg4 Kxg4 48. a4 Kg3 49. Kf1 Kf4 50. b4 Ke5 51. a5 bxa5 52. bxa5 Kd6 53. Kf2 Kc6 54. Kf3 Kb7 55. c5 Ka6 56. c6 Ka7 57. Kf4 Kb8 58. a6 Kc7 59. a7 1-0

[Event "Dortmund Sparkassen op-B"]
[Site "Dortmund"]
[Date "2014.07.12"]
[Round "1"]
[White "Nadrowski, Joseph"]
[Black "Longerich, Hans Peter"]
[Result "1-0"]
[WhiteElo "1611"]
[BlackElo "1573"]
[PlyCount "57"]
[EventDate "2014.07.12"]
[EventType "swiss"]
[EventRounds "9"]
[EventCountry "GER"]
[SourceTitle "EXT 2022"]
[Source "ChessBase"]
[SourceDate "2021.10.06"]
[SourceVersion "1"]
[SourceVersionDate "2021.10.06"]
[SourceQuality "1"]

1. Nc3 d5 2. e3 c6 3. Nf3 Bg4 4. h3 Bh5 5. g4 Bg6 6. b3 Nd7 7. Bb2 e5 8. Bg2 Bd6 9. d3 Qc7 10. Qe2 Ne7 11. 0-0-0 0-0-0 12. h4 h5 13. g5 Kb8 14. Kb1 Qa5 15. Rhf1 Rhe8 16. Bh3 Qc7 17. a3 f5 18. gxf6 Nxf6 19. Ng5 Nf5 20. Bxf5 Bxf5 21. e4 Bg4 22. f3 Be6 23. exd5 Nxd5 24. Nxe6 Nxc3+ 25. Bxc3 Rxe6 26. f4 Rf8 27. fxe5 Rxf1 28. Rxf1 Qe7 29. exd6 1-0

[Event "NRW Verbandsklasse Group1 1314"]
[Site "Nordrheinwestfalen"]
[Date "2014.03.09"]
[Round "8.7"]
[White "Armbruester, Juergen"]
[Black "Nadrowski, Joseph"]
[Result "1-0"]
[WhiteElo "1827"]
[BlackElo "1631"]
[PlyCount "97"]
[EventDate "2013.09.08"]
[EventType "team-tourn"]
[EventRounds "9"]
[EventCountry "GER"]
[SourceTitle "EXT 2020"]
[Source "ChessBase"]
[SourceDate "2019.10.17"]
[SourceVersion "1"]
[SourceVersionDate "2019.10.17"]
[SourceQuality "1"]
[WhiteTeam "Katernberg SF III"]
[BlackTeam "Werne SK"]
[WhiteTeamCountry "GER"]
[BlackTeamCountry "GER"]

1. e4 c6 2. d4 d5 3. Nc3 dxe4 4. Nxe4 Bf5 5. Ng3 Bg6 6. h4 h6 7. h5 Bh7 8. Nf3 Nf6 9. Bd3 Bxd3 10. Qxd3 e6 11. Bd2 Bd6 12. Ne4 Nxe4 13. Qxe4 Nd7 14. 0-0-0 Nf6 15. Qe2 Qc7 16. Ne5 0-0-0 17. f4 Bxe5 18. dxe5 Nd5 19. c4 Nb6 20. Be3 Rxd1+ 21. Rxd1 Rd8 22. Rxd8+ Qxd8 23. g3 Nd7 24. Qd2 Nb6 25. Qxd8+ Kxd8 26. b3 Kc7 27. Kd2 Nc8 28. Bc5 Kd7 29. Bf8 Ne7 30. g4 g6 31. hxg6 Nxg6 32. Bxh6 c5 33. Bg5 b6 34. Ke3 Ke8 35. Ke4 Nf8 36. f5 Nd7 37. Bh6 Nb8 38. a3 Nc6 39. Bd2 a5 40. Bc3 Kf8 41. Kf4 Kg7 42. Kg5 Kf8 43. fxe6 fxe6 44. Kf6 Nd4 45. b4 axb4 46. axb4 Nc6 47. bxc5 bxc5 48. Kxe6 Nb4 49. Kd7 1-0

[Event "Dortmund Sparkassen op-B"]
[Site "Dortmund"]
[Date "2013.08.04"]
[Round "9"]
[White "Ropers, Klaus"]
[Black "Nadrowski, Joseph"]
[Result "1-0"]
[WhiteElo "1861"]
[BlackElo "1667"]
[PlyCount "45"]
[EventDate "2013.07.27"]
[EventType "swiss"]
[EventRounds "9"]
[EventCountry "GER"]
[SourceTitle "EXT 2022"]
[Source "ChessBase"]
[SourceDate "2021.10.06"]
[SourceVersion "1"]
[SourceVersionDate "2021.10.06"]
[SourceQuality "1"]

1. d4 Nf6 2. c4 e5 3. dxe5 Ng4 4. Nf3 Bc5 5. e3 Nc6 6. Be2 Ngxe5 7. b3 0-0 8. Bb2 d6 9. 0-0 Bf5 10. Nc3 Nb4 11. e4 Nxf3+ 12. Bxf3 Bg6 13. a3 Nc6 14. Nd5 a5 15. g3 Ne5 16. Bg2 f5 17. Nf4 Qe8 18. Nxg6 Qxg6 19. Bxe5 fxe4 20. Bd4 Bxd4 21. Qxd4 Rae8 22. Rae1 c6 23. Rxe4 1-0

[Event "Dortmund Sparkassen op-B"]
[Site "Dortmund"]
[Date "2013.07.31"]
[Round "5"]
[White "Wuebker, Paul Luca"]
[Black "Nadrowski, Joseph"]
[Result "1/2-1/2"]
[WhiteElo "1500"]
[BlackElo "1667"]
[PlyCount "111"]
[EventDate "2013.07.27"]
[EventType "swiss"]
[EventRounds "9"]
[EventCountry "GER"]
[SourceTitle "EXT 2022"]
[Source "ChessBase"]
[SourceDate "2021.10.06"]
[SourceVersion "1"]
[SourceVersionDate "2021.10.06"]
[SourceQuality "1"]

1. d4 Nf6 2. c4 e5 3. dxe5 Ng4 4. Bf4 Bb4+ 5. Nd2 Nc6 6. Ngf3 Qe7 7. e3 Ngxe5 8. Nxe5 Nxe5 9. Be2 d6 10. Bxe5 Qxe5 11. g3 Bxd2+ 12. Qxd2 0-0 13. 0-0 Be6 14. b4 c6 15. Rfc1 Rfd8 16. Bf3 Bxc4 17. Qd4 Qxd4 18. exd4 d5 19. a4 a6 20. Rab1 Re8 21. b5 axb5 22. axb5 Bxb5 23. Bxd5 Bd3 24. Rb3 cxd5 25. Rxd3 Re7 26. h3 f6 27. Rb1 Ra4 28. Rb5 Rd7 29. Rdb3 Rxd4 30. Rxb7 Rxb7 31. Rxb7 Re4 32. f3 Rc4 33. Rd7 d4 34. Kf2 h6 35. g4 Kh7 36. h4 Rc2+ 37. Kg3 Rd2 38. Kf4 Rd1 39. Ke4 Re1+ 40. Kf4 Rd1 41. Ke4 d3 42. Rxd3 Rxd3 43. Kxd3 Kg6 44. Ke4 f5+ 45. Kf4 fxg4 46. fxg4 Kf7 47. Ke5 g6 48. h5 Kg7 49. hxg6 Kxg6 50. Kf4 Kf6 51. Kg3 Kg5 52. Kh2 Kxg4 53. Kh1 h5 54. Kh2 h4 55. Kh1 h3 56. Kg1 1/2-1/2

[Event "Ruhrgebiet VK1 1213"]
[Site "Nordrheinwestfalen"]
[Date "2012.10.01"]
[Round "2.7"]
[White "Regber, Werner"]
[Black "Nadrowski, Joseph"]
[Result "1-0"]
[WhiteElo "1755"]
[BlackElo "1659"]
[PlyCount "95"]
[EventDate "2012.09.02"]
[EventType "team-tourn"]
[EventRounds "9"]
[EventCountry "GER"]
[SourceTitle "EXT 2020"]
[Source "ChessBase"]
[SourceDate "2019.10.17"]
[SourceVersion "1"]
[SourceVersionDate "2019.10.17"]
[SourceQuality "1"]
[WhiteTeam "Rochade Eving"]
[BlackTeam "Werne SK"]
[WhiteTeamCountry "GER"]
[BlackTeamCountry "GER"]

1. d4 d5 2. c4 e6 3. Nf3 Be7 4. Nc3 Nf6 5. Bg5 h6 6. Bh4 0-0 7. e3 b6 8. Rc1 Bb7 9. Bd3 dxc4 10. Bxc4 Ne4 11. Bxe7 Qxe7 12. 0-0 Nd7 13. Nxe4 Bxe4 14. Bb5 Nf6 15. Ne5 a6 16. Bc6 Bxc6 17. Rxc6 Rfd8 18. Qc2 Ne8 19. Rc1 Rd5 20. Qe2 Rad8 21. Qxa6 Qg5 22. Qe2 Ra8 23. a3 Qe7 24. Qd3 Rad8 25. f4 g5 26. g3 Qf8 27. Kh1 Qg7 28. Qe2 Qh7 29. fxg5 hxg5 30. Qg4 Qg7 31. h4 gxh4 32. Qxg7+ Kxg7 33. gxh4 R5d6 34. Kg2 f6 35. Nf3 Rxc6 36. Rxc6 Rd6 37. Rc2 c6 38. Nd2 b5 39. Ne4 Rd5 40. Rxc6 f5 41. Nc3 Rd6 42. Rc8 Kf7 43. Nxb5 Rb6 44. a4 Ke7 45. Kf3 Kd7 46. Rc5 Nf6 47. a5 Rc6 48. Nc3 1-0

[Event "Dortmund Sparkassen op-B"]
[Site "Dortmund"]
[Date "2012.07.19"]
[Round "6"]
[White "Gegner, Michael"]
[Black "Nadrowski, Joseph"]
[Result "1/2-1/2"]
[WhiteElo "1533"]
[BlackElo "1641"]
[PlyCount "93"]
[EventDate "2012.07.14"]
[EventType "swiss"]
[EventRounds "9"]
[EventCountry "GER"]
[SourceTitle "EXT 2014"]
[Source "ChessBase"]
[SourceDate "2013.11.20"]
[SourceVersion "1"]
[SourceVersionDate "2013.11.20"]
[SourceQuality "1"]

1. d4 d5 2. e4 dxe4 3. Nc3 Nf6 4. f3 exf3 5. Nxf3 g6 6. Bc4 Bg4 7. Bxf7+ Kxf7 8. Ne5+ Ke8 9. Nxg4 Bg7 10. Ne5 Nbd7 11. Qf3 c6 12. 0-0 Nxe5 13. dxe5 Qd4+ 14. Be3 Qxe5 15. Rae1 Qh5 16. Qf2 Rf8 17. Bc5 Nd5 18. Qg3 Rxf1+ 19. Kxf1 Qf5+ 20. Kg1 Bf6 21. Ne4 Be5 22. Qh4 Kd7 23. c4 Nf6 24. Rd1+ Ke8 25. Nxf6+ Bxf6 26. Qxh7 Qxc5+ 27. Kh1 e6 28. Qxg6+ Ke7 29. Qh7+ Kf8 30. Qh6+ Bg7 31. Rf1+ Kg8 32. Qxe6+ Kh8 33. Rf5 Rf8 34. Rxf8+ Qxf8 35. Qh3+ Kg8 36. Qe6+ Qf7 37. Qxf7+ Kxf7 38. b3 a6 39. g4 b5 40. cxb5 axb5 41. Kg2 c5 42. Kf3 Ke6 43. Ke4 Bf6 44. a4 c4 45. axb5 cxb3 46. Kd3 Kd6 47. g5 1/2-1/2

[Event "Dortmund Sparkassen op-B"]
[Site "Dortmund"]
[Date "2012.07.15"]
[Round "2"]
[White "Morawietz, Manuel"]
[Black "Nadrowski, Joseph"]
[Result "1-0"]
[WhiteElo "1828"]
[BlackElo "1641"]
[PlyCount "133"]
[EventDate "2012.07.14"]
[EventType "swiss"]
[EventRounds "9"]
[EventCountry "GER"]
[SourceTitle "EXT 2014"]
[Source "ChessBase"]
[SourceDate "2013.11.20"]
[SourceVersion "1"]
[SourceVersionDate "2013.11.20"]
[SourceQuality "1"]

1. e4 Nc6 2. d4 d5 3. e5 Bf5 4. c3 e6 5. Bb5 Nge7 6. Bg5 Qd7 7. Nd2 h6 8. Bh4 a6 9. Be2 b5 10. b4 Nc8 11. a4 Rb8 12. f4 Be7 13. Bf2 0-0 14. Ngf3 N6a7 15. 0-0 Nb6 16. axb5 Nxb5 17. Qb3 Ra8 18. Ra5 c6 19. Rfa1 Qb7 20. Nf1 Bd8 21. R5a2 Be7 22. Be1 Rfd8 23. Ne3 Be4 24. Ra5 Rdc8 25. Qa2 Bd8 26. Rxa6 Rxa6 27. Qxa6 Qd7 28. Qa2 Ra8 29. Qb2 Qb7 30. Kf2 Na4 31. Qc1 Bxf3 32. Bxf3 Be7 33. Bd1 Nb6 34. Bb3 g6 35. Qb2 Kg7 36. Ra2 Bd8 37. Ke2 Be7 38. Qa1 Rxa2+ 39. Qxa2 Nc8 40. Kd3 Qb6 41. g4 Bxb4 42. f5 Be7 43. f6+ Bxf6 44. exf6+ Kxf6 45. Bg3 Kg7 46. Bc2 Ncd6 47. Kd2 c5 48. Qa4 cxd4 49. Be5+ f6 50. Bxd4 Nxd4 51. Qxd4 Qxd4+ 52. cxd4 Nf7 53. Ke2 Ng5 54. Ng2 Nf7 55. Nf4 Ng5 56. Nxg6 Ne4 57. Bxe4 dxe4 58. Nf4 e5 59. dxe5 fxe5 60. Ng2 Kg6 61. h4 h5 62. gxh5+ Kxh5 63. Ke3 Kh6 64. Kxe4 Kg6 65. Kxe5 Kh6 66. Kf6 Kh5 67. Kg7 1-0